00301nam a2200121Ia 4500008004100000040001700041041001200058082001200070100002200082245002800104260003600132300001100168230917s9999||||xx |||||||||||||| ||und|| e188959aMAIN aEnglish aB N315N aNehru, Jawaharlal 0aNehru: An autobiography aBombaybAllied Publishersc1962 a623 p.